00646nam a2200181 i 4500001000700000003000900007005001700016008004100033100002200074245008100096260003900177300002200216490006700238630004300305700002200348830006700370852002700437189439ES-MaACL20230906223455.0190603s1971 sp |||| | spa d1 aJones, Alexander.13aLa palabra viva de Dios / cAlexander Jones ; [versión por Alfredo Oltra]. aEstella : bVerbo Divino, c[1971] a291 p. ; c19 cm.1 aColección Biblia y Korygma. Temas de Pastoral Biblica ; v1404aBiblia-xCrítica e interpretación.0 aOltra, Alfredo M.0 aColección Biblia y Korygma. Temas de Pastoral Biblica ; v14 aES-MaACLjP-565-Bis-14